[Event "sergiogvh-2"]
[Site "http://www.queenalice.com/game.php?id=1151230"]
[Date "2013.2.12"]
[Round "3"]
[White "ubersoldat1952"]
[Black "Kuarwaki"]
[Result "1/2-1/2"]
[WhiteElo "2531"]
[BlackElo "2644"]

1. d4 d5 2. c4 e6 3. Nf3 Nf6 4. Nc3 h6 5. e3 c5 6. cxd5 exd5 7. dxc5 Bxc5 8.
Bb5+ Nc6 9. O-O O-O 10. Be2 a6 11. a3 Ba7 12. b4 d4 13. exd4 Nxd4 14. Nxd4 Bxd4
15. Bb2 Be6 16. Rc1 Rc8 17. Bf3 b5 18. Qd2 Be5 19. Qe3 Bd4 20. Qd2 Rc7 21. Rfd1
Rd7 22. Nb1 Bxb2 23. Qxb2 Bd5 24. Qc3 Re8 25. Bxd5 Nxd5 26. Qf3 Nb6 27. g3 Nc4
28. Rxd7 Qxd7 29. Rd1 Qh3 30. Qc6 Re6 31. Qf3 Ne5 32. Qe4 g6 33. Qd5 Ng4 34. Qg2
Qh5 35. h3 Ne5 36. g4 Qg5 37. Qg3 Nc4 38. Nc3 Nxa3 39. f4 Qe7 40. Nd5 Qa7+ 41.
Kh1 Nc4 42. f5 Rd6 43. Qf3 Nb6 44. fxg6 Nxd5 45. Rxd5 Rxg6 46. Rd8+ Kg7 47. Qc3+
Rf6 48. Rd6 Qb7+ 49. Kg1 Qf3 50. Qxf3 Rxf3 51. Rxa6 Rb3 52. Rb6 Rxb4 53. Kf2
Rb2+ 54. Kg3 Rb3+ 55. Kh4 b4 56. Rb7 Kf6 57. Rb6+ Ke5 58. Rxh6 Rf3 59. g5 b3
1/2-1/2

[Event "AUTO-ELITE-1194"]
[Site "http://www.queenalice.com/game.php?id=1209951"]
[Date "2013.8.20"]
[Round "1"]
[White "GEMAN"]
[Black "ubersoldat1952"]
[Result "0-1"]
[WhiteElo "2355"]
[BlackElo "2549"]

1. e4 c5 2. Nf3 e6 3. d4 cxd4 4. Nxd4 a6 5. Bd3 Nf6 6. O-O Qc7 7. Qe2 d6 8. c4
g6 9. Nc3 Bg7 10. Rd1 O-O 11. Nf3 Nbd7 12. Bf4 Nh5 13. Be3 b6 14. Rac1 Bb7 15.
Qd2 Rad8 16. b3 Nc5 17. Bd4 Bxd4 18. Nxd4 Qb8 19. Bb1 d5 20. exd5 exd5 21. cxd5
Bxd5 22. Nxd5 Rxd5 23. Qc2 Nf4 24. Nc6 Qd6 25. Rxd5 Nxd5 26. Na5 Nf4 27. Nc4 Qf6
28. Ne3 Re8 29. Qd1 Rd8 30. Qf1 Rd2 31. Rc2 Ne2+ 32. Kh1 Rxc2 33. Bxc2 Nd4 34.
Bb1 b5 35. b4 Na4 36. Qe1 Ne6 37. Nd5 Qd4 38. Be4 Qe5 39. Ne7+ Kg7 40. Nc6 Qc3
41. Qb1 Qd2 42. Qa1+ Nc3 43. h4 Nf4 44. Bf3 Nd3 45. Kh2 Nxf2 46. a3 f6 47. Nd8
Qf4+ 48. Kg1 Qe3 49. Ne6+ Kh6 50. Kh2 g5 51. hxg5+ fxg5 52. Nxg5 Kxg5 53. Qf1
Qf4+ 54. Kg1 Ng4 55. Bxg4 Qxf1+ 56. Kxf1 Kxg4 57. Kf2 Nb1 58. Ke3 Nxa3 59. Kd3
Kg3 60. Kd4 Kxg2 61. Ke4 h5 62. Kd5 h4 63. Kc6 h3 64. Kb6 h2 65. Kxa6 h1=Q 66.
Ka5 Qh8 67. Ka6 Qb8 68. Ka5 Qa7# 0-1

[Event "AUTO-ELITE-1194"]
[Site "http://www.queenalice.com/game.php?id=1209952"]
[Date "2013.8.20"]
[Round "1"]
[White "ubersoldat1952"]
[Black "GEMAN"]
[Result "1-0"]
[WhiteElo "2545"]
[BlackElo "2359"]

1. d4 Nf6 2. c4 e6 3. Nc3 Bb4 4. Nf3 c5 5. g3 cxd4 6. Nxd4 O-O 7. Bg2 d5 8. cxd5
Nxd5 9. Qb3 Nc6 10. Nxc6 bxc6 11. O-O Rb8 12. a3 Bd6 13. Qc2 Qb6 14. Ne4 Be5 15.
Rb1 a5 16. Bd2 Ba6 17. Bf3 Bd4 18. Rfc1 f5 19. Nc5 Bc8 20. e3 Bf6 21. Qa4 Qb5
22. Qxb5 Rxb5 23. Na4 g5 24. Rxc6 g4 25. Be2 Rb7 26. Ba6 Rb8 27. Bxc8 Rfxc8 28.
Rxe6 Rc4 29. Rd6 Rb5 30. Rxd5 Rxd5 31. Nb6 Rcc5 32. b4 Rb5 33. Nxd5 Rxd5 34. Be1
axb4 35. Bxb4 Kf7 36. a4 Bd8 37. Bc3 Rc5 38. Bd4 Ra5 39. Rb4 Ke6 40. h4 gxh3 41.
Kh2 Ra6 42. Kxh3 Bc7 43. Rb7 Bd6 44. Ra7 Rc6 45. a5 Be5 46. Bb6 Rc2 47. f4 Bd6
48. a6 Rb2 49. Rb7 h5 50. a7 Ra2 51. Rb8 Rxa7 52. Bxa7 Bxb8 53. Bxb8 Kf6 54. Kh4
Kg6 55. Be5 Kh6 56. Ba1 Kg6 57. Bd4 Kh6 58. e4 fxe4 59. f5 e3 60. Bxe3+ Kg7 61.
Kxh5 Kf6 62. g4 Ke5 63. Kg6 Ke4 64. f6 Kxe3 65. f7 1-0

[Event "AUTO-ELITE-1194"]
[Site "http://www.queenalice.com/game.php?id=1209955"]
[Date "2013.8.20"]
[Round "1"]
[White "PasoDoble"]
[Black "ubersoldat1952"]
[Result "0-1"]
[WhiteElo "2428"]
[BlackElo "2545"]

1. e4 c5 2. Nf3 e6 3. d4 cxd4 4. Nxd4 Nc6 5. Nc3 Qc7 6. Be2 Nf6 7. O-O a6 8. Be3
b5 9. Nxc6 dxc6 10. f4 Bb7 11. e5 Rd8 12. Qe1 Nd7 13. Ne4 c5 14. Bf3 Bxe4 15.
Bxe4 c4 16. b4 Nb6 17. c3 Be7 18. Qf2 Nd5 19. Bd4 f5 20. Bxd5 Rxd5 21. a4 O-O
22. axb5 axb5 23. Ra7 Qd8 24. Rd1 Re8 25. h3 Rd7 26. Rda1 Rxa7 27. Rxa7 Qd5 28.
Kh2 Bf8 29. Ra6 Rd8 30. Bc5 h6 31. Rb6 Bxc5 32. bxc5 Rc8 33. Rxb5 g5 34. g3 Kf7
35. Qd4 Rd8 36. Qxd5 Rxd5 0-1

[Event "AUTO-ELITE-1194"]
[Site "http://www.queenalice.com/game.php?id=1209956"]
[Date "2013.8.20"]
[Round "1"]
[White "ubersoldat1952"]
[Black "PasoDoble"]
[Result "1-0"]
[WhiteElo "2539"]
[BlackElo "2434"]

1. d4 Nf6 2. c4 g6 3. Nc3 Bg7 4. e4 d6 5. Nf3 O-O 6. Be2 e5 7. O-O Nc6 8. d5 Ne7
9. Ne1 Ne8 10. Be3 f5 11. f3 f4 12. Bf2 g5 13. c5 Ng6 14. a4 Rf7 15. cxd6 cxd6
16. a5 Nf6 17. Nb5 a6 18. Bb6 Qe7 19. Nc7 Rb8 20. Ba7 Qxc7 21. Rc1 Qxc1 22. Qxc1
Ra8 23. Bf2 Bf8 24. Nc2 h5 25. Na3 Bd7 26. Qc7 Bb5 27. Qc2 Be8 28. Rc1 g4 29.
Qb3 Rd7 30. Qb4 Kh7 31. Bb6 gxf3 32. gxf3 Rg7 33. Rc7 1-0

[Event "kasker-2"]
[Site "http://www.queenalice.com/game.php?id=1219334"]
[Date "2013.9.23"]
[Round "4"]
[White "AndyWo"]
[Black "ubersoldat1952"]
[Result "1-0"]
[WhiteElo "2662"]
[BlackElo "2551"]

1. e4 c5 2. Nf3 e6 3. d4 cxd4 4. Nxd4 a6 5. Bd3 Nf6 6. O-O Qc7 7. Qe2 d6 8. c4
g6 9. Nc3 Bg7 10. Rd1 O-O 11. Nf3 Nc6 12. h3 Nd7 13. Bd2 Nde5 14. Rac1 Nxf3+ 15.
Qxf3 Ne5 16. Qg3 b6 17. Be2 Bb7 18. b3 Rac8 19. Be3 Ba8 20. Bd4 Bh6 21. Rc2 Rfd8
22. Qh4 Bf8 23. f4 Nd7 24. f5 Re8 25. Qg3 Rcd8 26. h4 Bg7 27. h5 exf5 28. exf5
Be5 29. Qh4 gxf5 30. Bf3 h6 31. Rf2 Bxd4 32. Rxd4 Re5 33. Bd5 b5 34. Rdf4 bxc4
35. Rxf5 Rxf5 36. Rxf5 Ne5 37. b4 Re8 38. Qg3+ Kf8 39. Qf4 Ke7 40. Bxf7 Rf8 41.
Qh4+ Kd7 42. Be6+ Ke8 43. Rxf8+ Kxf8 44. Qf6+ Nf7 45. a4 Bb7 46. Bxf7 Qxf7 47.
Qxh6+ Kg8 48. Qxd6 Qg7 49. Qg6 Qxg6 50. hxg6 Kg7 51. Kf2 Kxg6 52. g4 Bc8 53. Kg3
Kf6 54. Kf4 Bd7 55. a5 Kf7 56. g5 Kg6 57. Ke5 1-0

[Event "kasker-2"]
[Site "http://www.queenalice.com/game.php?id=1294015"]
[Date "2014.7.11"]
[Round "5"]
[White "ubersoldat1952"]
[Black "muppyman"]
[Result "1-0"]
[WhiteElo "2546"]
[BlackElo "2359"]

1. d4 d5 2. c4 e6 3. Nf3 Nf6 4. Nc3 Be7 5. Bg5 O-O 6. e3 h6 7. Bxf6 Bxf6 8. Rc1
a6 9. a3 b6 10. Be2 dxc4 11. Bxc4 Bb7 12. O-O 1-0

[Event "AUTO-ELITE-1412"]
[Site "http://www.queenalice.com/game.php?id=1321216"]
[Date "2014.11.9"]
[Round "1"]
[White "ubersoldat1952"]
[Black "acid"]
[Result "0-1"]
[WhiteElo "2544"]
[BlackElo "2694"]

1. d4 Nf6 2. c4 e6 3. Nc3 Bb4 4. e3 c5 5. Ne2 cxd4 6. exd4 d5 7. a3 Be7 8. Nf4
Nc6 9. cxd5 exd5 10. Be2 g5 11. Nh5 Nxh5 12. Bxh5 O-O 13. O-O Kh8 14. f4 Bf6 15.
fxg5 Bxd4+ 16. Kh1 Be6 17. Bf4 Bg7 18. Qd3 f6 19. g6 d4 20. Ne2 Qd5 21. Bf3 Bf5
22. Qd2 Qd7 23. gxh7 Rad8 24. Rad1 Ne5 25. Nxd4 Bd3 26. Be2 Qxd4 27. Bxe5 fxe5
28. Rxf8+ Rxf8 29. Qxd3 Qxd3 30. Bxd3 Rd8 31. Be2 Rxd1+ 32. Bxd1 Kxh7 33. Bc2+
Kh6 34. a4 b6 35. Be4 Kh5 36. g3 Bh6 37. Kg2 Bd2 38. Kf3 Bc1 39. b3 Bg5 40. Bc6
Bd2 41. Ke4 Kg4 42. Bd7+ Kg5 43. Kxe5 Bc3+ 44. Ke4 Be1 45. h4+ Kf6 46. Kf3 a5
47. Kg4 Ke5 48. Kh3 Kf6 49. Bb5 Bc3 50. Bd3 Be1 51. g4 Ke5 52. g5 Kf4 53. Be2
Bc3 54. g6 Bg7 55. h5 Kg5 56. Kg3 Bf8 57. Kf2 Kf4 58. Ke1 Ke3 59. Bd1 Bg7 60.
Kf1 Kd2 61. Bg4 Ke3 62. Kg2 Kf4 63. Bd1 Bh6 64. Kf2 Kf5 65. Kf3 Kf6 66. Ke4 Ke6
67. Bg4+ Kf6 68. Kd5 Bd2 0-1

[Event "AUTO-ELITE-1412"]
[Site "http://www.queenalice.com/game.php?id=1321217"]
[Date "2014.11.9"]
[Round "1"]
[White "acid"]
[Black "ubersoldat1952"]
[Result "1-0"]
[WhiteElo "2683"]
[BlackElo "2553"]

1. d4 d5 2. c4 c6 3. Nf3 Nf6 4. e3 e6 5. Bd3 Nbd7 6. O-O Bd6 7. Nbd2 O-O 8. e4
dxe4 9. Nxe4 Nxe4 10. Bxe4 h6 11. Bc2 e5 12. Re1 exd4 13. Qxd4 Bc5 14. Qc3 Qb6
15. Re2 a5 16. Nh4 Nf6 17. Bxh6 Bd4 18. Qg3 Ng4 19. Bg5 Bxf2+ 20. Rxf2 Re8 21.
h3 Nxf2 22. Qxf2 Qxf2+ 23. Kxf2 Be6 24. c5 a4 25. a3 Bb3 26. Bxb3 axb3 27. Rc1
Re4 28. Nf3 Rae8 29. Bd2 Re2+ 30. Kf1 R8e7 31. Rc3 f6 32. Rxb3 Kf7 33. Bf4 Rc2
34. Bd6 Rd7 35. g4 Kg6 36. Rb4 Kh7 37. h4 Rc1+ 38. Kf2 Rc2+ 39. Kg3 Re2 40. Nd4
Re1 41. Nb3 g5 42. h5 Rg1+ 43. Kf2 Rh1 44. Na5 1-0

[Event "AUTO-ELITE-1412"]
[Site "http://www.queenalice.com/game.php?id=1321218"]
[Date "2014.11.9"]
[Round "1"]
[White "ubersoldat1952"]
[Black "Norfair"]
[Result "0-1"]
[WhiteElo "2548"]
[BlackElo "2548"]

1. d4 Nf6 2. c4 e6 3. Nc3 Bb4 4. e3 O-O 5. Bd3 d5 6. Nf3 c5 7. O-O Nc6 8. a3
Bxc3 9. bxc3 Qc7 10. cxd5 exd5 11. a4 Re8 12. Ba3 c4 13. Bc2 Ne4 14. Bxe4 Rxe4
15. Nd2 Re8 16. e4 dxe4 17. Re1 Bf5 18. Nxc4 Rad8 19. Qc2 Bg6 20. Qb3 Rd7 21.
Rad1 Qd8 22. Re3 Kh8 23. Qb5 f5 24. d5 f4 25. Ree1 Bh5 26. Rd2 Bf7 27. h3 e3 28.
fxe3 Bxd5 29. Nd6 Bg8 30. Red1 a6 31. Qb2 fxe3 32. Nf7+ Rxf7 33. Rxd8 Nxd8 34.
c4 Nc6 0-1

[Event "AUTO-ELITE-1412"]
[Site "http://www.queenalice.com/game.php?id=1321219"]
[Date "2014.11.9"]
[Round "1"]
[White "Norfair"]
[Black "ubersoldat1952"]
[Result "1-0"]
[WhiteElo "2556"]
[BlackElo "2540"]

1. e4 c5 2. Nf3 e6 3. d4 cxd4 4. Nxd4 a6 5. Bd3 Nf6 6. O-O Qc7 7. Qe2 d6 8. c4
g6 9. Nc3 Bg7 10. Rd1 O-O 11. Nf3 Nc6 12. h3 Nd7 13. Be3 Nde5 14. Rac1 Bd7 15.
Nxe5 dxe5 16. Nd5 Qd8 17. Nb6 Rb8 18. Nxd7 Qxd7 19. c5 Qe7 20. a3 Rbd8 21. Rd2
f5 22. f3 Nd4 23. Qd1 Bf6 24. Bb1 Kg7 25. Rc4 Rfe8 26. g3 Nc6 27. Rxd8 Rxd8 28.
Qc1 f4 29. gxf4 exf4 30. Bxf4 Nd4 31. Qe3 e5 32. Bh6+ Kh8 33. Rc3 1-0

[Event "kasker-3"]
[Site "http://www.queenalice.com/game.php?id=1336445"]
[Date "2015.1.22"]
[Round "1"]
[White "ubersoldat1952"]
[Black "biscuter"]
[Result "1-0"]
[WhiteElo "2539"]
[BlackElo "2620"]

1. d4 d5 2. c4 e6 3. Nc3 c6 4. Nf3 dxc4 5. Bg5 Nf6 6. e4 b5 7. e5 h6 8. Bh4 g5
9. Nxg5 hxg5 10. Bxg5 Nbd7 11. exf6 Bb7 12. g3 Qb6 13. Bg2 O-O-O 14. O-O Bh6 15.
Bxh6 Rxh6 16. Qd2 Rh5 17. Qe3 Nxf6 18. Rfd1 Rdh8 19. h4 Qc7 20. Qe2 a6 21. b3
cxb3 22. axb3 Kb8 23. Rd3 R5h6 24. Qe5 Nd5 25. Ne4 f5 26. Nc5 Qxe5 27. dxe5 f4
28. Bxd5 exd5 29. Rf3 fxg3 30. fxg3 Bc8 31. Rf7 R6h7 32. Rf6 Rh6 33. Nxa6+ Bxa6
34. Rxa6 Rxf6 35. exf6 Kc7 36. Ra7+ Kd6 37. f7 Rf8 38. g4 1-0

[Event "FIFA World Cup"]
[Site "http://www.queenalice.com/game.php?id=1338707"]
[Date "2015.2.1"]
[Round "2"]
[White "ubersoldat1952"]
[Black "sical"]
[Result "1-0"]
[WhiteElo "2533"]
[BlackElo "2411"]

1. d4 Nf6 2. c4 g6 3. Nc3 Bg7 4. e4 d6 5. Nf3 O-O 6. Be2 e5 7. O-O Nc6 8. d5 Ne7
9. Ne1 Bd7 10. Nd3 c6 11. Be3 c5 12. Qd2 Ne8 13. f4 f5 14. fxe5 dxe5 15. Nxc5 f4
16. Bf2 Nf6 17. Nxb7 Qc7 18. Nc5 Bg4 19. d6 Qd8 20. Bxg4 Nxg4 21. Rad1 Nc6 22.
Qd5+ Kh8 23. Qxc6 1-0

[Event "thechessplayer"]
[Site "http://www.queenalice.com/game.php?id=1353571"]
[Date "2015.4.14"]
[Round "4"]
[White "ubersoldat1952"]
[Black "Meckerkopp"]
[Result "1-0"]
[WhiteElo "2532"]
[BlackElo "1997"]

1. d4 d5 2. c4 b6 3. Nc3 dxc4 4. e4 e6 5. Bxc4 Bb7 6. Nf3 Bb4 7. Qa4+ Nc6 8. d5
exd5 9. exd5 Qe7+ 10. Be3 a6 11. dxc6 b5 12. cxb7 Rb8 13. Qxa6 Bxc3+ 14. bxc3
1-0

[Event "FIFA World Cup"]
[Site "http://www.queenalice.com/game.php?id=1374107"]
[Date "2015.7.29"]
[Round "3"]
[White "ubersoldat1952"]
[Black "Kuarwaki"]
[Result "0-1"]
[WhiteElo "2539"]
[BlackElo "2606"]

1. d4 d5 2. c4 dxc4 3. Nf3 Nf6 4. e3 Bg4 5. Bxc4 e6 6. h3 Bh5 7. Nc3 a6 8. g4
Bg6 9. Ne5 Nfd7 10. Nxg6 hxg6 0-1